000 00336nam a2200133Ia 4500
008 100328s9999 xx 000 0 und d
082 _b59866
100 _aदेवधर विजय
245 _aफ्रॉड.
260 _bमंगलदीप.
630 _aफ्रॉड.
730 _aफ्रॉड.
942 _cBOOK
999 _c546054
_d546051